AP Calculus AB/BC #4 - Statistics

General Stats
  • This quiz has been taken 415 times
    414 since last reset
  • The average score is 6 of 10
Answer Stats
Hint Answer % Correct
Differentiate x^3. 3x^2
99%
Differentiate 12. 0
75%
Integrate 12. 12x
67%
Differentiate 0. 0
65%
Differentiate 5x^3. 15x^2
60%
Differentiate the derivative of x^2. 2
59%
Differentiate the integral of 343x^534. 343x^534
47%
Integrate the derivative of 3.14x^pi 3.14x^pi
45%
Integrate x^3. 0.25x^4
26%
Integrate the integral of 2x. 0.33x^3
22%
No matching quizzes found
Score Distribution
Percent of People with Each Score
Percentile by Number Answered
Your Score History
You have not taken this quiz since the last reset